Voar depois de cair! (Registo nº 33053)

Detalhes MARC
000 -Etiqueta do registo
Valores 00477nam a2200193 4500
010 ## - Número ISBN
ISBN 9789898999368
021 ## - Número do Depósito Legal
-- PT
Número 469318/20
090 ## -
-- 33053
100 ## - Dados gerais de processamento
Dados gerais 20201123 frey50
101 ## - Língua de publicação
-- por
102 ## - País de publicação
-- PT
200 ## - Titulo e menção de responsabilidade
Título próprio Voar depois de cair!
Primeira menção de responsabilidade Isabel Baía Marques
205 ## - Menção da edição
Edição 1ª. ed.
210 ## - Publicação
Local de publicação S.L.
Nome do editor Alma dos livros
Data de publicação 2020
215 ## - Descrição física 
Paginação / Volumes 229 p.
Outras indicações físicas il.
Dimensões 21 cm
700 ## - Autor principal (pessoa individual)
-- 070
ID Autoridade 4656
Apelido Marques
Nome Isabel Baía
801 ## - Fonte de origem
País PT
Regras de catalogação RPC
990 ## - Elementos KOHA
Tipo de documento Livro
Exemplares
Situação do levantamento Estado Biblioteca de origem Biblioteca de empréstimo Código de barras Cota Permissão de empréstimo Tipo de documento
  Completo Biblioteca Municipal de Viana Do Alentejo Biblioteca Municipal de Viana Do Alentejo 0032782 159.9 MAR Disponível Livro




Powered by Koha